Hamilton - Burn lyrics - Statistics

General Stats
  • This quiz has been taken 4,721 times
  • The average score is 42 of 47
Answer Stats
Hint Answer % Correct
I saved every ______ you wrote me letter
100%
I knew you were ____ mine
100%
I thought you were ____ mine
100%
And when you were ____ mine
100%
Do you know what ________ said angelica
99%
Do you know what ________ said Angelica
99%
From the _______ I read them moment
98%
He will do what it takes to _______" Survive
97%
I'm re-reading the letters you wrote __ me
96%
This girl into our ___ bed
95%
The world has no place in our ___ bed
95%
The world seemed to ____ burn
95%
I am watching it ____ burn
95%
"Be careful with that one ____ love
94%
You ____ you were mine said
94%
You told the whole _____ how you brought world
94%
When we saw your ______ ______arrive? She said first letter
93%
In clearing your name, you have _______ our lives ruined
93%
He has flown too close to the ___" sun
93%
Reacted when you broke her _____ heart
92%
You have torn it all _____ apart
89%
In every ____ line
89%
For some kind of ____ sign
89%
Let future __________ wonder how Eliza historians
88%
I'm erasing myself from the _________ narrative
88%
You built me _______ out of paragraphs palaces
88%
You built __________ cathedrals
87%
You and your words obsessed with your _______ legacy
87%
You _________ the letters she wrote you published
87%
She said "You have married an _______ Icarus
86%
They don't get to ____ what I said know
86%
I'm burning the_________ memories
84%
With only the ________ of when you were mine memories
84%
You forfeit the _____ in our bed place
84%
You and your _____ flooded my ______ words, senses
84%
I'm searching and scanning for ________ answers
83%
________ it burn watching
83%
You sleep in your _____ instead office
82%
And you are ________ in every paragraph paranoid
82%
The world has no _____ to my _____ right, heart
80%
Burning the letters that might have _________ you redeemed
79%
Your _______ border on senseless sentences
79%
You ________ the rights to my heart forfeit
78%
I ____ that you ____ hope, burn
77%
When she read what ____ ____ you'd done
76%
Your sentences left me __________ defenseless
75%
How they _________ you perceive
72%
No matching quizzes found
Score Distribution
Percent of People with Each Score
Percentile by Number Answered
Your Score History
You have not taken this quiz